[Event "35th National Team Chess Championship- 2015"]
[Site "Caritas Goa Holiday Home, NR, Caculo Circle, St In"]
[Date "2015.02.20"]
[Round "1"]
[Board "2"]
[White "Srikanth, K."]
[Black "Vidit, Santosh Gujrathi"]
[Result "0-1"]
[WhiteElo "1994"]
[BlackElo "2617"]
[PlyCount "90"]
[EventDate "2015.02.20"]
[EventType "team"]
[EventRounds "9"]
[EventCountry "IND"]
[WhiteTeam "Services Sports Control Board"]
[BlackTeam "Petroleum Sports Promotion Board"]

1. e4 c5 2. Nc3 Nc6 3. f4 e6 4. Nf3 d5 5. Bb5 Nge7 6. O-O d4 7. Ne2 a6 8. Bxc6+
Nxc6 9. d3 Be7 10. a3 f6 11. Qe1 O-O 12. Bd2 b5 13. Qg3 c4 14. Kh1 a5 15. f5
exf5 16. Bh6 Rf7 17. exf5 Kh8 18. Bd2 Bxf5 19. Nfxd4 Nxd4 20. Nxd4 Qxd4 21. Qf3
Bxd3 22. cxd3 Rff8 23. Bc3 Qxd3 24. Qb7 b4 25. Rfd1 Qc2 26. Rdc1 Qb3 27. Qxe7
bxc3 28. bxc3 Rfe8 29. Qc5 Re5 30. Qd4 Rae8 31. h3 Re2 32. Qd7 h6 33. a4 Qb8
34. Qg4 R8e4 35. Rab1 Qe8 36. Qf5 Re5 37. Qf3 R2e3 38. Qg4 R3e4 39. Qg3 Kh7 40.
Rb7 Rg5 41. Qf3 Re3 42. Qf2 Qe4 43. Qc2 Re1+ 44. Kh2 Rxg2+ 45. Qxg2 Qf4+ 0-1

[Event "35th National Team Chess Championship- 2015"]
[Site "Caritas Goa Holiday Home, NR, Caculo Circle, St In"]
[Date "2015.02.20"]
[Round "1"]
[Board "3"]
[White "Ganguly, Surya Shekhar"]
[Black "Rapalli, Krishna"]
[Result "1-0"]
[WhiteElo "2595"]
[BlackElo "1606"]
[PlyCount "47"]
[EventDate "2015.02.20"]
[EventType "team"]
[EventRounds "9"]
[EventCountry "IND"]
[WhiteTeam "Petroleum Sports Promotion Board"]
[BlackTeam "Services Sports Control Board"]

1. e4 c5 2. Nf3 Nc6 3. d4 cxd4 4. Nxd4 g6 5. Nc3 Bg7 6. Be3 Nf6 7. Bc4 O-O 8.
Bb3 d6 9. f3 Bd7 10. Qd2 Nxd4 11. Bxd4 Qa5 12. O-O-O Be6 13. Kb1 Bxb3 14. cxb3
Rfd8 15. h4 e5 16. Be3 Qc7 17. Bg5 Qd7 18. h5 Nxh5 19. g4 Nf4 20. Qh2 f6 21.
Bxf4 exf4 22. Qxh7+ Kf7 23. Rh6 Kf8 24. Rxg6 1-0

[Event "35th National Team Chess Championship- 2015"]
[Site "Caritas Goa Holiday Home, NR, Caculo Circle, St In"]
[Date "2015.02.20"]
[Round "1"]
[Board "4"]
[White "Nagesh, I V"]
[Black "Karthikeyan, Murali"]
[Result "0-1"]
[WhiteElo "1617"]
[BlackElo "2505"]
[PlyCount "82"]
[EventDate "2015.02.20"]
[EventType "team"]
[EventRounds "9"]
[EventCountry "IND"]
[WhiteTeam "Services Sports Control Board"]
[BlackTeam "Petroleum Sports Promotion Board"]

1. e4 c5 2. Nc3 a6 3. f4 b5 4. Nf3 Bb7 5. d3 e6 6. g3 Nf6 7. Bg2 d5 8. O-O b4
9. e5 Nfd7 10. Ne2 Nc6 11. b3 Be7 12. Qe1 O-O 13. g4 a5 14. Ng3 Qc7 15. Bd2 a4
16. Rc1 axb3 17. axb3 Ba6 18. f5 Ncxe5 19. Nxe5 Qxe5 20. Qxe5 Nxe5 21. g5 c4
22. Rce1 Bc5+ 23. Be3 Bxe3+ 24. Rxe3 cxb3 25. cxb3 Nxd3 26. fxe6 fxe6 27. Rxe6
Rxf1+ 28. Bxf1 Nc5 29. Rd6 Bxf1 30. Nxf1 Nxb3 31. Rxd5 Rb8 32. h4 Nc1 33. Nd2
b3 34. h5 Ne2+ 35. Kf1 Ng3+ 36. Ke1 Nxh5 37. Kd1 Nf4 38. Rd6 Rb5 39. Kc1 Rxg5
40. Nxb3 h5 41. Nd4 Rd5 0-1

[Event "35th National Team Chess Championship- 2015"]
[Site "Caritas Goa Holiday Home, NR, Caculo Circle, St In"]
[Date "2015.02.20"]
[Round "1"]
[Board "1"]
[White "Sreekumar, Sm"]
[Black "Karthikeyan, P."]
[Result "0-1"]
[WhiteElo "1696"]
[BlackElo "2442"]
[PlyCount "50"]
[EventDate "2015.02.20"]
[EventType "team"]
[EventRounds "9"]
[EventCountry "IND"]
[WhiteTeam "Kerala State C"]
[BlackTeam "Railways - A"]

1. d4 Nf6 2. c4 g6 3. Nc3 d5 4. cxd5 Nxd5 5. e4 Nxc3 6. bxc3 Bg7 7. Nf3 O-O 8.
Rb1 b6 9. Be2 Bb7 10. Qd3 Nd7 11. Qe3 c5 12. O-O e6 13. Ba3 Qc7 14. Rfd1 Rfd8
15. h3 Nf6 16. Bd3 Qc6 17. Ne5 Qa4 18. Bb2 cxd4 19. cxd4 Qxa2 20. Bc3 Rdc8 21.
Bb4 Qa4 22. f4 Qe8 23. g4 Qd8 24. Rb2 Rc7 25. Nc4 Nxg4 0-1

[Event "35th National Team Chess Championship- 2015"]
[Site "Caritas Goa Holiday Home, NR, Caculo Circle, St In"]
[Date "2015.02.20"]
[Round "1"]
[Board "2"]
[White "Deepan, Chakkravarthy J."]
[Black "Unas, K.A."]
[Result "1/2-1/2"]
[WhiteElo "2487"]
[BlackElo "1836"]
[PlyCount "99"]
[EventDate "2015.02.20"]
[EventType "team"]
[EventRounds "9"]
[EventCountry "IND"]
[WhiteTeam "Railways - A"]
[BlackTeam "Kerala State C"]

1. e4 c6 2. d4 d5 3. e5 Bf5 4. h4 h6 5. g4 Be4 6. Rh3 e6 7. c4 Ne7 8. Nc3 Bh7
9. h5 dxc4 10. Bxc4 Nd5 11. Nge2 Nd7 12. Bd3 Bxd3 13. Qxd3 Be7 14. Bd2 Nb4 15.
Qe4 c5 16. d5 exd5 17. Nxd5 Nxd5 18. Qxd5 Qc7 19. e6 fxe6 20. Qxe6 Qb6 21. Qe4
Qc6 22. Qxc6 bxc6 23. O-O-O Ne5 24. f4 Nxg4 25. Rg1 Nf6 26. Rxg7 Kf8 27. Rg6
Kf7 28. f5 Ne4 29. Rxc6 Rad8 30. Bf4 Nf2 31. Rf3 Nd3+ 32. Kb1 Bg5 33. Bd6 Rhe8
34. Rxd3 Rxe2 35. a4 Bf4 36. Rc7+ Kf6 37. Be7+ Rxe7 38. Rc6+ Rd6 39. Rdxd6+
Bxd6 40. Rxd6+ Kg5 41. Rd5 Re1+ 42. Ka2 Kxh5 43. Rxc5 Kg4 44. Rc7 a5 45. f6 Rf1
46. Rg7+ Kf5 47. f7 Ke6 48. Rg6+ Kxf7 49. Rxh6 Rf4 50. Kb3 1/2-1/2

[Event "35th National Team Chess Championship- 2015"]
[Site "Caritas Goa Holiday Home, NR, Caculo Circle, St In"]
[Date "2015.02.20"]
[Round "1"]
[Board "3"]
[White "Pramod, K K"]
[Black "Das, Arghyadip"]
[Result "0-1"]
[WhiteElo "1599"]
[BlackElo "2476"]
[PlyCount "36"]
[EventDate "2015.02.20"]
[EventType "team"]
[EventRounds "9"]
[EventCountry "IND"]
[WhiteTeam "Kerala State C"]
[BlackTeam "Railways - A"]

1. e4 c5 2. Nf3 d6 3. d4 cxd4 4. Nxd4 Nf6 5. Nc3 a6 6. Bc4 e6 7. a3 b5 8. Bd3
Bb7 9. O-O Nbd7 10. f4 g6 11. Kh1 Bg7 12. Nde2 Nc5 13. Ng3 h5 14. e5 dxe5 15.
fxe5 Ng4 16. Qe2 Qh4 17. Bxb5+ axb5 18. Qxb5+ Nd7 0-1

[Event "35th National Team Chess Championship- 2015"]
[Site "Caritas Goa Holiday Home, NR, Caculo Circle, St In"]
[Date "2015.02.20"]
[Round "1"]
[Board "2"]
[White "Nitin, S."]
[Black "Ram, S Krishnan"]
[Result "1/2-1/2"]
[WhiteElo "2357"]
[BlackElo "2252"]
[PlyCount "83"]
[EventDate "2015.02.20"]
[EventType "team"]
[EventRounds "9"]
[EventCountry "IND"]
[WhiteTeam "Airport Authority of India"]
[BlackTeam "Bharat Sanchar  Nigam Limited"]

1. Nf3 Nf6 2. b3 d5 3. Bb2 Bf5 4. g3 e6 5. Bg2 c5 6. O-O Nc6 7. d3 h6 8. Nbd2
Be7 9. e4 Bh7 10. Ne1 O-O 11. f4 dxe4 12. dxe4 Qd7 13. Nd3 Rfd8 14. Rf2 Rac8
15. g4 Ne8 16. f5 c4 17. bxc4 Nb4 18. Ne5 Qa4 19. c3 Qxd1+ 20. Rxd1 Nd3 21.
Nxd3 Rxd3 22. Rf3 Rd7 23. Kf1 Rcd8 24. Ke2 Bg5 25. Bc1 Nf6 26. Rff1 Nxg4 27.
Nb3 Rxd1 28. Rxd1 Rxd1 29. Kxd1 Bxc1 30. Kxc1 Ne3 31. fxe6 fxe6 32. Bh3 e5 33.
Na5 Bxe4 34. Kd2 Ng2 35. Be6+ Kf8 36. Bd5 Bxd5 37. cxd5 b5 38. Nc6 a6 39. Nxe5
Ke7 40. Kd3 Kd6 41. Kd4 Nf4 42. Nf7+ 1/2-1/2

[Event "35th National Team Chess Championship- 2015"]
[Site "Caritas Goa Holiday Home, NR, Caculo Circle, St In"]
[Date "2015.02.20"]
[Round "1"]
[Board "3"]
[White "Thanki, Hemal Karsanji"]
[Black "Swayams, Mishra"]
[Result "1-0"]
[WhiteElo "2061"]
[BlackElo "2481"]
[PlyCount "65"]
[EventDate "2015.02.20"]
[EventType "team"]
[EventRounds "9"]
[EventCountry "IND"]
[WhiteTeam "Bharat Sanchar  Nigam Limited"]
[BlackTeam "Airport Authority of India"]

1. e4 e6 2. d4 d5 3. Nc3 Nf6 4. Bg5 Bb4 5. e5 h6 6. Bd2 Bxc3 7. bxc3 Ne4 8. Qg4
g6 9. Bc1 Nxc3 10. Bd3 Qe7 11. h4 Bd7 12. a4 Nxa4 13. h5 g5 14. Ba3 c5 15. Ne2
Bc6 16. O-O Nd7 17. Rfb1 a6 18. dxc5 Naxc5 19. Nd4 Rc8 20. Nb3 Rc7 21. Bxa6 b6
22. Nd4 Qd8 23. Rxb6 Nxa6 24. Nxe6 Qc8 25. Rxa6 Rb7 26. Bd6 Nb6 27. Ng7+ Kd8
28. Qxc8+ Kxc8 29. Ra8+ Nxa8 30. Rxa8+ Kd7 31. Rxh8 Rb1+ 32. Kh2 Rc1 33. Rf8
 1-0

[Event "35th National Team Chess Championship- 2015"]
[Site "Caritas Goa Holiday Home, NR, Caculo Circle, St In"]
[Date "2015.02.21"]
[Round "2"]
[Board "1"]
[White "Adhithya, S"]
[Black "Adhiban, B."]
[Result "0-1"]
[WhiteElo "2021"]
[BlackElo "2630"]
[PlyCount "68"]
[EventDate "2015.02.20"]
[EventType "team"]
[EventRounds "9"]
[EventCountry "IND"]
[WhiteTeam "Tamil Nadu State - B"]
[BlackTeam "Petroleum Sports Promotion Board"]

1. d4 Nf6 2. Nf3 d5 3. g3 Bf5 4. Bg2 e6 5. O-O c6 6. Nbd2 h6 7. c4 Nbd7 8. b3
Bd6 9. Bb2 Qb8 10. Rc1 O-O 11. a3 a5 12. Re1 b5 13. cxd5 cxd5 14. Rc6 b4 15. a4
Rc8 16. Rxc8+ Qxc8 17. Ne5 Ra7 18. Qa1 Rc7 19. Nxd7 Qxd7 20. Rc1 Bc2 21. f3 h5
22. e3 Qd8 23. Qa2 h4 24. g4 Nxg4 25. fxg4 Qg5 26. Nf1 Qxg4 27. h3 Qe2 28. Qa1
Bg3 29. Kh1 Bd6 30. Re1 Qf2 31. e4 Bxe4 32. Rxe4 dxe4 33. Bxe4 Bf4 34. d5 Rc1
 0-1

[Event "35th National Team Chess Championship- 2015"]
[Site "Caritas Goa Holiday Home, NR, Caculo Circle, St In"]
[Date "2015.02.21"]
[Round "2"]
[Board "2"]
[White "Gupta, Abhijeet"]
[Black "Aaditya, Jagadeesh"]
[Result "1-0"]
[WhiteElo "2622"]
[BlackElo "1920"]
[PlyCount "77"]
[EventDate "2015.02.20"]
[EventType "team"]
[EventRounds "9"]
[EventCountry "IND"]
[WhiteTeam "Petroleum Sports Promotion Board"]
[BlackTeam "Tamil Nadu State - B"]

1. Nf3 Nf6 2. c4 g6 3. Nc3 Bg7 4. e4 d6 5. d4 O-O 6. h3 c5 7. d5 b5 8. cxb5 a6
9. a4 axb5 10. Bxb5 Ba6 11. Bxa6 Rxa6 12. O-O Nbd7 13. Qc2 Nb6 14. Bf4 Qa8 15.
Nd2 Nfd7 16. b3 Rc8 17. Ndb1 Ne5 18. Be3 e6 19. Rd1 exd5 20. exd5 Re8 21. Na3
c4 22. Nab5 Qd8 23. b4 Nd3 24. Rxd3 cxd3 25. Qxd3 Nd7 26. Nd4 Ra8 27. Ncb5 Ne5
28. Qb3 Rc8 29. Rd1 Qf6 30. Na7 Ra8 31. Nac6 Qh4 32. b5 Nd7 33. a5 Nc5 34. Qc2
Rxe3 35. fxe3 Re8 36. Qf2 Qe4 37. Qf3 Qxf3 38. Nxf3 Rxe3 39. Re1 1-0

[Event "35th National Team Chess Championship- 2015"]
[Site "Caritas Goa Holiday Home, NR, Caculo Circle, St In"]
[Date "2015.02.21"]
[Round "2"]
[Board "3"]
[White "Senthil, Maran K"]
[Black "Ganguly, Surya Shekhar"]
[Result "0-1"]
[WhiteElo "2238"]
[BlackElo "2595"]
[PlyCount "58"]
[EventDate "2015.02.20"]
[EventType "team"]
[EventRounds "9"]
[EventCountry "IND"]
[WhiteTeam "Tamil Nadu State - B"]
[BlackTeam "Petroleum Sports Promotion Board"]

1. d4 Nf6 2. g3 e6 3. c4 d5 4. Bg2 dxc4 5. Nf3 Bd7 6. Ne5 Bc6 7. Nxc6 Nxc6 8.
Qa4 Qd7 9. Qxc4 Nd5 10. O-O O-O-O 11. e3 h5 12. Nc3 h4 13. Bd2 f5 14. b4 hxg3
15. hxg3 Kb8 16. b5 Nce7 17. Na4 Nc8 18. Rfc1 Qf7 19. Nb2 g5 20. Nd3 Bd6 21.
Ne5 Bxe5 22. dxe5 Ncb6 23. Qe2 Rdf8 24. a4 f4 25. a5 Nd7 26. Bxd5 exd5 27. exf4
gxf4 28. b6 Qh7 29. bxc7+ Kc8 0-1

[Event "35th National Team Chess Championship- 2015"]
[Site "Caritas Goa Holiday Home, NR, Caculo Circle, St In"]
[Date "2015.02.21"]
[Round "2"]
[Board "4"]
[White "Karthikeyan, Murali"]
[Black "Hemanth, Raam"]
[Result "1-0"]
[WhiteElo "2505"]
[BlackElo "1910"]
[PlyCount "63"]
[EventDate "2015.02.20"]
[EventType "team"]
[EventRounds "9"]
[EventCountry "IND"]
[WhiteTeam "Petroleum Sports Promotion Board"]
[BlackTeam "Tamil Nadu State - B"]

1. e4 e5 2. Nf3 Nc6 3. Bb5 a6 4. Ba4 Nf6 5. Qe2 b5 6. Bb3 Be7 7. c3 d6 8. O-O
O-O 9. d3 Na5 10. Bc2 c5 11. Nbd2 Re8 12. Rd1 Bf8 13. Nf1 g6 14. Bg5 Bg7 15.
Ne3 Bb7 16. Ng4 h5 17. Nh6+ Kh7 18. Nxf7 Qe7 19. Bh4 Kg8 20. N7g5 c4 21. b4
cxd3 22. Bxd3 Nc4 23. Bxc4+ bxc4 24. Qxc4+ d5 25. exd5 Rac8 26. Qb3 Qd6 27. c4
e4 28. c5 Bxd5 29. cxd6 Bxb3 30. axb3 exf3 31. Rxa6 Rb8 32. Nxf3 1-0

[Event "35th National Team Chess Championship- 2015"]
[Site "Caritas Goa Holiday Home, NR, Caculo Circle, St In"]
[Date "2015.02.21"]
[Round "2"]
[Board "1"]
[White "Karthikeyan, P."]
[Black "Sahu, Sekhar Chandra"]
[Result "1/2-1/2"]
[WhiteElo "2442"]
[BlackElo "2186"]
[PlyCount "96"]
[EventDate "2015.02.20"]
[EventType "team"]
[EventRounds "9"]
[EventCountry "IND"]
[WhiteTeam "Railways - A"]
[BlackTeam "All India Chess Federation"]

1. d4 Nf6 2. c4 e6 3. Nf3 b6 4. g3 Ba6 5. Nbd2 c5 6. e4 cxd4 7. e5 Ng8 8. Bg2
Bb7 9. O-O d6 10. exd6 Bxd6 11. Nb3 Nf6 12. Nbxd4 a6 13. Qe2 O-O 14. b3 Qe7 15.
a4 Nc6 16. Bb2 Nxd4 17. Nxd4 Bxg2 18. Kxg2 Qb7+ 19. Qf3 Qxf3+ 20. Kxf3 Rfd8 21.
Rad1 Rac8 22. Ne2 Bc5 23. Bxf6 gxf6 24. g4 Kf8 25. Nc3 Ke7 26. Ne4 Bb4 27. Ke2
Rxd1 28. Rxd1 h5 29. h3 hxg4 30. hxg4 Rh8 31. Kf3 Rh3+ 32. Ng3 Rh8 33. Rd3 Rh2
34. Ne2 Bc5 35. Nc3 Rxf2+ 36. Kg3 Rb2 37. Ne4 Bg1 38. Kf3 Bc5 39. a5 f5 40.
gxf5 exf5 41. Nxc5 bxc5 42. Kf4 Ra2 43. Kxf5 Rxa5 44. Ke5 Ra3 45. Kd5 a5 46.
Re3+ Kd7 47. Rf3 Ke7 48. Re3+ Kd7 1/2-1/2

[Event "35th National Team Chess Championship- 2015"]
[Site "Caritas Goa Holiday Home, NR, Caculo Circle, St In"]
[Date "2015.02.21"]
[Round "2"]
[Board "2"]
[White "Hariharan, Venkatachalam"]
[Black "Das, Arghyadip"]
[Result "0-1"]
[WhiteElo "2116"]
[BlackElo "2476"]
[PlyCount "58"]
[EventDate "2015.02.20"]
[EventType "team"]
[EventRounds "9"]
[EventCountry "IND"]
[WhiteTeam "All India Chess Federation"]
[BlackTeam "Railways - A"]

1. Nf3 Nf6 2. b3 g6 3. Bb2 Bg7 4. g3 O-O 5. Bg2 c5 6. c4 e6 7. O-O d5 8. d3 Nc6
9. e3 d4 10. exd4 cxd4 11. Nbd2 Re8 12. a3 a5 13. Re1 e5 14. b4 axb4 15. axb4
Rxa1 16. Bxa1 Nxb4 17. Nxe5 Nh5 18. Qb3 Bxe5 19. Qxb4 Bxg3 20. Rxe8+ Qxe8 21.
fxg3 Qe1+ 22. Bf1 Qxa1 23. Qe7 Bf5 24. Nb3 Qd1 25. Qd8+ Kg7 26. Qxd4+ Nf6 27.
Qc3 h5 28. Kg2 Bh3+ 29. Kxh3 Qxf1+ 0-1

[Event "35th National Team Chess Championship- 2015"]
[Site "Caritas Goa Holiday Home, NR, Caculo Circle, St In"]
[Date "2015.02.21"]
[Round "2"]
[Board "3"]
[White "Thejkumar, M. S."]
[Black "Dongre, Ravindra Murlidhar"]
[Result "1-0"]
[WhiteElo "2438"]
[BlackElo "2103"]
[PlyCount "77"]
[EventDate "2015.02.20"]
[EventType "team"]
[EventRounds "9"]
[EventCountry "IND"]
[WhiteTeam "Railways - A"]
[BlackTeam "All India Chess Federation"]

1. d4 d5 2. c4 e6 3. Nc3 c5 4. cxd5 exd5 5. Nf3 Nc6 6. g3 Nf6 7. Bg2 Be7 8. O-O
cxd4 9. Nxd4 O-O 10. Be3 Bg4 11. Qa4 Qd7 12. Rfd1 a6 13. Rac1 Be6 14. Nxc6 bxc6
15. Bd4 Qb7 16. e4 dxe4 17. Nxe4 Nxe4 18. Bxe4 Bd5 19. Qc2 h6 20. Bxd5 cxd5 21.
Qc7 Rfb8 22. Be5 Bf6 23. Bxf6 gxf6 24. Qf4 Qxb2 25. Rd4 Rb6 26. Rcd1 Re8 27.
Qxh6 f5 28. Qg5+ Rg6 29. Qxf5 Re1+ 30. Rxe1 Qxd4 31. Re8+ Kg7 32. Kg2 Rf6 33.
Qg5+ Rg6 34. Qh5 Rh6 35. Qe2 Qf6 36. Re5 Qc6 37. Qg4+ Rg6 38. Qd4 f6 39. Rh5
 1-0

[Event "35th National Team Chess Championship- 2015"]
[Site "Caritas Goa Holiday Home, NR, Caculo Circle, St In"]
[Date "2015.02.21"]
[Round "2"]
[Board "4"]
[White "Kapil, Saxena"]
[Black "Himanshu, Sharma"]
[Result "0-1"]
[WhiteElo "1959"]
[BlackElo "2425"]
[PlyCount "82"]
[EventDate "2015.02.20"]
[EventType "team"]
[EventRounds "9"]
[EventCountry "IND"]
[WhiteTeam "All India Chess Federation"]
[BlackTeam "Railways - A"]

1. e4 c5 2. Nf3 e6 3. d4 cxd4 4. Nxd4 Nc6 5. Nc3 Qc7 6. Ndb5 Qb8 7. Be3 a6 8.
Nd4 Nf6 9. f3 b5 10. Qd2 Bb7 11. g4 h6 12. O-O-O Bb4 13. h4 d5 14. a3 Bxc3 15.
Qxc3 Ne7 16. Nxb5 axb5 17. Bxb5+ Kf8 18. e5 Nfg8 19. Bc5 h5 20. Bd6 Qc8 21. Qb4
Bc6 22. Rd3 Bxb5 23. Qxb5 Qa6 24. Qb4 Rc8 25. Rb3 Ke8 26. Re1 hxg4 27. Qxg4 Qc4
28. Qxc4 dxc4 29. Rb7 Rxh4 30. Rd1 Nd5 31. a4 Ra8 32. b3 cxb3 33. cxb3 Rh2 34.
Bb8 Nge7 35. Rd2 Rxd2 36. Kxd2 Nc6 37. Bd6 Nd4 38. a5 Rxa5 39. Rb8+ Kd7 40.
Rb7+ Kc6 41. Rxf7 Nf5 0-1

[Event "35th National Team Chess Championship- 2015"]
[Site "Caritas Goa Holiday Home, NR, Caculo Circle, St In"]
[Date "2015.02.21"]
[Round "2"]
[Board "1"]
[White "Kaushik, Shubham"]
[Black "Laxman, R.R."]
[Result "0-1"]
[WhiteElo "1899"]
[BlackElo "2377"]
[PlyCount "78"]
[EventDate "2015.02.20"]
[EventType "team"]
[EventRounds "9"]
[EventCountry "IND"]
[WhiteTeam "Haryana State"]
[BlackTeam "Railways - B"]

1. e4 e5 2. Bc4 Nf6 3. d3 Bc5 4. Nf3 O-O 5. Bg5 Nc6 6. c3 Be7 7. O-O d6 8. Bb3
h6 9. Bh4 Nh5 10. Bxe7 Qxe7 11. Nbd2 Nf4 12. Nc4 Bg4 13. Ne3 Bh5 14. Nd5 Nxd5
15. Bxd5 Nd8 16. Qe2 c6 17. Bb3 Kh8 18. h3 Ne6 19. Qe3 Nf4 20. Kh2 Bxf3 21.
Qxf3 Qh4 22. Rad1 f5 23. exf5 Rxf5 24. Be6 Rf6 25. Qg4 Qxg4 26. Bxg4 Raf8 27.
g3 h5 28. gxf4 hxg4 29. fxe5 dxe5 30. hxg4 Rxf2+ 31. Kg1 R2f4 32. g5 Rxf1+ 33.
Rxf1 Rxf1+ 34. Kxf1 Kh7 35. Ke2 Kg6 36. Ke3 Kxg5 37. Ke4 Kf6 38. d4 exd4 39.
cxd4 Ke6 0-1

[Event "35th National Team Chess Championship- 2015"]
[Site "Caritas Goa Holiday Home, NR, Caculo Circle, St In"]
[Date "2015.02.21"]
[Round "3"]
[Board "1"]
[White "Adhiban, B."]
[Black "Sriram, Jha"]
[Result "1-0"]
[WhiteElo "2630"]
[BlackElo "2413"]
[PlyCount "131"]
[EventDate "2015.02.20"]
[EventType "team"]
[EventRounds "9"]
[EventCountry "IND"]
[WhiteTeam "Petroleum Sports Promotion Board"]
[BlackTeam "Life Insurance Corporation"]

1. e4 e5 2. Nf3 Nc6 3. Bb5 a6 4. Ba4 Nf6 5. O-O Be7 6. d3 d6 7. c3 O-O 8. Nbd2
Nd7 9. Re1 Nc5 10. Bc2 Bg4 11. h3 Bh5 12. g4 Bg6 13. d4 Nd7 14. d5 Ncb8 15. Nf1
c6 16. c4 cxd5 17. cxd5 a5 18. Bd2 Nc5 19. Ng3 Nbd7 20. b3 Nf6 21. Nh2 Ne8 22.
Kg2 Bg5 23. Bxg5 Qxg5 24. Nf3 Qd8 25. h4 h6 26. Qd2 Nf6 27. Nh2 Ne8 28. h5 Bh7
29. a3 Nf6 30. f3 Qb6 31. Rab1 Rfc8 32. Nhf1 Ncd7 33. Ne3 Qd4 34. Rbd1 Qxd2+
35. Rxd2 Nb6 36. Ngf5 Bxf5 37. Nxf5 Rd8 38. Bd3 g6 39. hxg6 fxg6 40. Nxh6+ Kg7
41. Rh1 Rh8 42. g5 Nh7 43. Rc2 Rac8 44. Rxc8 Rxc8 45. Nf7 Rc3 46. Bb5 Rxb3 47.
Nxd6 Nxg5 48. Rc1 Rxa3 49. Rc7+ Kh6 50. Rxb7 Na4 51. Nc4 Ra2+ 52. Kg3 Nc5 53.
Rc7 Nd3 54. Ne3 Ne1 55. Ng4+ Kh5 56. Nxe5 Rg2+ 57. Kf4 Nc2 58. Ng4 Nd4 59. Bf1
Rg1 60. Rc8 Nf7 61. Bd3 Re1 62. Rf8 g5+ 63. Kg3 Kg6 64. Kf2 Rd1 65. Ke3 Kg7 66.
Rb8 1-0

[Event "35th National Team Chess Championship- 2015"]
[Site "Caritas Goa Holiday Home, NR, Caculo Circle, St In"]
[Date "2015.02.21"]
[Round "3"]
[Board "2"]
[White "Sharma, Dinesh K."]
[Black "Vidit, Santosh Gujrathi"]
[Result "0-1"]
[WhiteElo "2391"]
[BlackElo "2617"]
[PlyCount "140"]
[EventDate "2015.02.20"]
[EventType "team"]
[EventRounds "9"]
[EventCountry "IND"]
[WhiteTeam "Life Insurance Corporation"]
[BlackTeam "Petroleum Sports Promotion Board"]

1. Nf3 Nf6 2. c4 c5 3. Nc3 Nc6 4. e4 e6 5. Be2 Qb6 6. d3 Bd6 7. O-O O-O 8. a3
Ng4 9. h3 Nge5 10. Na4 Nxf3+ 11. Bxf3 Qc7 12. g3 b6 13. Bg2 Be5 14. Rb1 Rb8 15.
Bd2 Bd4 16. Kh1 b5 17. Nc3 bxc4 18. dxc4 Ba6 19. b3 Rb7 20. Ne2 Rfb8 21. Qc2
Bf6 22. Rfc1 Na5 23. Bxa5 Qxa5 24. a4 Rb4 25. Rd1 Qb6 26. Rxd7 Bxc4 27. Rc1
Bxb3 28. Qxc5 Qxc5 29. Rxc5 Bxa4 30. Rxa7 h6 31. Rac7 Rb1+ 32. Rc1 R1b2 33. Bf3
Bb5 34. Rc8+ Rxc8 35. Rxc8+ Kh7 36. Nc3 Rc2 37. e5 Rc1+ 38. Kh2 Bxe5 39. Rc5
Rxc3 40. Be4+ f5 41. Rxe5 Bd7 42. Bg2 Rc2 43. Kg1 Rc1+ 44. Kh2 Rc2 45. Kg1 Kg6
46. h4 Kf6 47. Re1 Rd2 48. Bf3 Ba4 49. Rb1 g5 50. hxg5+ hxg5 51. Ra1 Bb3 52.
Rb1 Ba2 53. Re1 e5 54. Bg2 g4 55. Rc1 e4 56. Bf1 Bb3 57. Rb1 Bd1 58. Ra1 Bf3
59. Re1 Kg5 60. Bb5 Rb2 61. Bc4 Kf6 62. Bf1 Rd2 63. Bb5 Ke5 64. Bc4 f4 65.
gxf4+ Kxf4 66. Ra1 g3 67. Rf1 g2 68. Re1 e3 69. fxe3+ Kg3 70. e4 Rd6 0-1

[Event "35th National Team Chess Championship- 2015"]
[Site "Caritas Goa Holiday Home, NR, Caculo Circle, St In"]
[Date "2015.02.21"]
[Round "3"]
[Board "3"]
[White "Ganguly, Surya Shekhar"]
[Black "Lahiri, Atanu"]
[Result "1-0"]
[WhiteElo "2595"]
[BlackElo "2308"]
[PlyCount "59"]
[EventDate "2015.02.20"]
[EventType "team"]
[EventRounds "9"]
[EventCountry "IND"]
[WhiteTeam "Petroleum Sports Promotion Board"]
[BlackTeam "Life Insurance Corporation"]

1. e4 g6 2. d4 Bg7 3. Be3 d6 4. Qd2 a6 5. f3 c6 6. h4 h5 7. Nc3 Nd7 8. O-O-O b5
9. Nh3 Nb6 10. Qf2 Bxh3 11. Rxh3 d5 12. Bd3 e6 13. Bg5 Qc7 14. Kb1 Nf6 15. Ne2
Nfd7 16. g4 Rc8 17. gxh5 Rxh5 18. Qg2 c5 19. Nf4 Rxg5 20. Qxg5 c4 21. Be2 c3
22. b3 Nc4 23. Bxc4 bxc4 24. Nxe6 fxe6 25. Qxg6+ Kf8 26. Rg3 Nf6 27. Rdg1 Ne8
28. Qxe6 Rd8 29. Rg5 Rd7 30. h5 1-0

[Event "35th National Team Chess Championship- 2015"]
[Site "Caritas Goa Holiday Home, NR, Caculo Circle, St In"]
[Date "2015.02.21"]
[Round "3"]
[Board "4"]
[White "Deshmukh, Anup"]
[Black "Karthikeyan, Murali"]
[Result "1/2-1/2"]
[WhiteElo "2256"]
[BlackElo "2505"]
[PlyCount "97"]
[EventDate "2015.02.20"]
[EventType "team"]
[EventRounds "9"]
[EventCountry "IND"]
[WhiteTeam "Life Insurance Corporation"]
[BlackTeam "Petroleum Sports Promotion Board"]

1. c4 e5 2. Nc3 Nf6 3. Nf3 Nc6 4. g3 Bb4 5. Bg2 O-O 6. O-O Bxc3 7. bxc3 d6 8.
d3 h6 9. e4 a6 10. a4 a5 11. h3 Nd7 12. Nh4 Ne7 13. f4 exf4 14. gxf4 f5 15. Ra2
Rf7 16. Bf3 Nc5 17. Kh2 fxe4 18. dxe4 Nd5 19. cxd5 Qxh4 20. Bg2 Nxe4 21. Bxe4
Bxh3 22. Qe1 Qh5 23. Bg6 Qxg6 24. Kxh3 Qh5+ 25. Kg3 Qxd5 26. Rd2 Qc6 27. Rd4
Re8 28. Qd2 Qd7 29. Qd3 Re6 30. Kh2 Qe7 31. Qg3 Rf5 32. Rd2 Re2+ 33. Kg1 Rxd2
34. Bxd2 Qe2 35. Qg2 Qd3 36. Re1 Rf6 37. Re3 Qb1+ 38. Kh2 Rg6 39. Rg3 Rxg3 40.
Qd5+ Kh7 41. Kxg3 Qg1+ 42. Kh3 Qf1+ 43. Kg3 Qg1+ 44. Kh3 Qg6 45. f5 Qh5+ 46.
Kg3 Qd1 47. c4 b6 48. Kf2 Qg4 49. Be3 1/2-1/2